Vplyv tichých rezerv ako nástroja bilančnej politiky na finančnú situáciu účtovnej jednotky
Problematika a nástroje bilančnej politiky, ku ktorým patria aj tiché (skryté) rezervy. Práca s tichými rezervami a kvalitné riadenie účtovnej jednotky. Kedy môže účtovná jednotka prostredníctvom tichých rezerv ovplyvňovať výsledok hospodárenia.
Gespeichert in:
| 1. Verfasser: | |
|---|---|
| Format: | Buchkapitel |
| Sprache: | Slowakisch |
| Schlagworte: | |
| Tags: |
Keine Tags, Fügen Sie das erste Tag hinzu!
|
MARC
| LEADER | 00000naa$a2200000$$$4500 | ||
|---|---|---|---|
| 001 | 0215861 | ||
| 005 | 20240502073611.6 | ||
| 041 | 0 | |a slo | |
| 044 | |a SK | ||
| 245 | 1 | 0 | |a Vplyv tichých rezerv ako nástroja bilančnej politiky na finančnú situáciu účtovnej jednotky |c Daniela Katríková |
| 520 | |a Problematika a nástroje bilančnej politiky, ku ktorým patria aj tiché (skryté) rezervy. Práca s tichými rezervami a kvalitné riadenie účtovnej jednotky. Kedy môže účtovná jednotka prostredníctvom tichých rezerv ovplyvňovať výsledok hospodárenia. | ||
| 610 | 2 | 0 | |a jednotka účtovná |
| 610 | 2 | 0 | |a výsledok hospodársky |
| 610 | 2 | 0 | |a bilancia finančná |
| 610 | 2 | 0 | |a závierka účtovná |
| 610 | 2 | 0 | |a tvorba rezerv |
| 610 | 2 | 0 | |a rezervy |
| 610 | 2 | 0 | |a majetok |
| 610 | 2 | 0 | |a záväzky |
| 100 | 1 | |a Katríková, Daniela | |